UBT Library

Introduction to chemical principles / (Record no. 47082)

000 -LEADER
fixed length control field 00651pam a2200229 a 4500
001 - CONTROL NUMBER
control field 1668756
005 - DATE AND TIME OF LATEST TRANSACTION
control field 20180814041818.0
008 - FIXED-LENGTH DATA ELEMENTS--GENERAL INFORMATION
fixed length control field 980121s1999 njua 001 0 eng
010 ## - LIBRARY OF CONGRESS CONTROL NUMBER
LC control number 98004744
020 ## - INTERNATIONAL STANDARD BOOK NUMBER
International Standard Book Number 0139159924 (pbk.)
040 ## - CATALOGING SOURCE
Original cataloging agency DLC
Transcribing agency DLC
Modifying agency DLC
041 ## - LANGUAGE CODE
Language code of text/sound track or separate title eng
080 ## - UNIVERSAL DECIMAL CLASSIFICATION NUMBER
Universal Decimal Classification number 540
082 00 - DEWEY DECIMAL CLASSIFICATION NUMBER
Classification number 540
Edition number 21
100 1# - Rafti
Rafti 12
101 ## - Shkurtesa
Shkurtesa kim
245 10 - TITLE STATEMENT
Title Introduction to chemical principles /
Statement of responsibility, etc H. Stephen Stoker.
246 30 - VARYING FORM OF TITLE
Title proper/short title Chemical principles
906 ## - LOCAL DATA ELEMENT F, LDF (RLIN)
a 7
b cbc
c orignew
d 1
e ocip
f 19
g y-gencatlg
942 ## - ADDED ENTRY ELEMENTS (KOHA)
Source of classification or shelving scheme
Item type Books
Holdings
Withdrawn status Lost status Source of classification or shelving scheme Damaged status Not for loan Collection code Permanent location Current location Shelving location Date acquired Total Checkouts Full call number Barcode Date last seen Price effective from Koha item type
          Koleksioni i përgjithshem UBT - Lipjan UBT - Lipjan Koleksioni i përgjithshem 08/14/2018   540 sto 002-3011003 08/14/2018 08/14/2018 Books
UBT Library © 2015-2024. All rights reserved University Education for Business and Technology